[Event "ch-Euro Youth g16"]
[Site "Albena BUL"]
[Date "2011.09.17"]
[Round "6.5"]
[White "Cerrato Torrijos,M"]
[Black "Baraeva,M"]
[Result "1/2-1/2"]
[WhiteElo "2097"]
[BlackElo "2199"]

1.e4 d6 2.d4 Nf6 3.Nc3 e5 4.Nf3 Nbd7 5.Bc4 Be7 6.Ng5 O-O 7.Bxf7+ Rxf7 8.Ne6 Qe8
9.Nxc7 Qd8 10.Nxa8 b6 11.dxe5 Nxe5 12.Nxb6 Qxb6 13.Be3 Qxb2 14.Bd4 Ba6 15.Nd5 Qa3
16.Nxf6+ Bxf6 17.Rb1 Qa5+ 18.Qd2 Qxa2 19.Rb8+ Rf8 20.Rxf8+ Kxf8 21.Qb4 Ke7
22.Kd1 Ng4 23.Re1 Bg5 24.Be3 Nxf2+ 25.Kd2 Bxe3+ 26.Rxe3 Qc4 27.Qxc4 Bxc4
28.h3 a5 29.Ke1 Nh1 30.h4 a4 31.Rh3 Ke6 32.Rxh1 a3 33.Kd2 Ke5 34.Kc3 Be6
35.Kd3 Bf7 36.h5 h6 37.Ra1 Bxh5 38.Rxa3 Bg6 39.Ra5+ Kf4 40.g3+ Kxg3 41.Ke3 Be8
42.Rd5 g5 43.Rxd6 h5 44.Rd8 Bc6 45.Rc8 Bd7 46.Rc7 Be8 47.Re7 Bc6 48.Re5 Kg4
49.Re6 Bb5 50.Rb6 Bd7 51.Rb1 h4 52.Rg1+ Kh5 53.c4 h3 54.Rd1 Be6 55.c5 Kh4
56.Rd6 Bc8 57.Kf2 g4 58.Rh6+ Kg5 59.Rh8 Bb7 60.Kg3 Bxe4 61.Rf8 Bd5 62.Rd8 Be4
63.Rd4 Bf3 64.Rc4 Bd5 65.Rxg4+ Kf6 66.Rh4 Bg2 67.Kf4 Ke6 68.Rh5 Kd7 69.Rh6 Kc7
70.Ke5 Kd7 71.Kd4 Kc7 72.Kc4 Bf1+ 73.Kb4 Bg2 74.c6 Kb6 75.Kc4 Bxc6 76.Rxh3 Bb5+
77.Kb4 Be2 78.Rh6+ Kc7 79.Kc5 Kd7 80.Rd6+ Ke7 81.Kd5 Bc4+ 82.Ke5 Be2 83.Rd2 Bf3
84.Rd3 Be2 85.Re3 Bd1 86.Re1  1/2-1/2

[Event "ch-Euro Youth b16"]
[Site "Albena BUL"]
[Date "2011.09.17"]
[Round "6.5"]
[White "Bortnik,A"]
[Black "Indjic,A"]
[Result "1/2-1/2"]
[WhiteElo "2360"]
[BlackElo "2391"]

1.e4 d6 2.d4 Nf6 3.Nc3 e5 4.Nge2 Be7 5.g3 c6 6.a4 exd4 7.Nxd4 d5 8.e5 Ng4
9.Bf4 g5 10.e6 h5 11.exf7+ Kxf7 12.Bxb8 Rxb8 13.h3 Nf6 14.Nf3 Bb4 15.Nxg5+ Kg7
16.Qd4 Qb6 17.O-O-O Qxd4 18.Rxd4 Bc5 19.Rf4 Bd6 20.Rf3 Re8 21.Rd3 Bc5 22.Rh2 Bf5
23.Rd1 Re7 24.Bd3 Bxd3 25.cxd3 Rf8 26.f4 h4 27.gxh4 Nh5 28.Rg2 Kh6 29.d4 Bd6
30.Kc2 Rxf4 31.Rg4 Rf6 32.Rdg1 Ng7 33.Kb3 Nf5 34.Nd1 Re2 35.Ka2 Ne7 36.R4g2 Rxg2
37.Rxg2 Kh5 38.Rf2 Rxf2 39.Nxf2 Kxh4 40.Nf7 Bc7 41.Kb3 Nf5 42.Kc3 Bb6 43.Kd3 Bxd4
44.Nh6 Bxf2 45.Nxf5+ Kxh3 46.Nd6 Kg4 47.Nxb7 Bb6 48.Nd6 Kf4 49.Nc8 Ke5 50.Ne7 Kd6
51.Nf5+ Ke6 52.Ng3 Bc7 53.Ne2 Be5 54.b3 Kd6 55.Nc1 Kc5 56.Kc2 Kd4 57.Nd3 Bd6
58.Kd2 Bc7 59.Kc2 Ba5 60.Nf4 Bb4 61.Ne6+ Ke5 62.Nd8 Kd6 63.Kd3 Kd7 64.Nf7 Bd6
65.Ng5 Bg3 66.Nf3 Kd6 67.Nd4 Bf2 68.Ne2 a5 69.Nf4 Ke5 70.Ng6+ Kf6 71.Nf4 Kf5
72.Ne2 Ke5 73.Nc3 Kd6 74.Ne2 Kc5 75.Nf4 Bg3 76.Ne6+ Kd6 77.Nd4 Bf2  1/2-1/2

[Event "ch-Euro Youth g16"]
[Site "Albena BUL"]
[Date "2011.09.17"]
[Round "6.6"]
[White "Ziaziulkina,N"]
[Black "Unapkoshvili,N"]
[Result "1-0"]
[WhiteElo "2296"]
[BlackElo "1990"]

1.e4 d6 2.d4 Nf6 3.Nc3 e5 4.Nf3 Nbd7 5.Bc4 Be7 6.O-O O-O 7.Re1 a6 8.a4 b6
9.Bg5 Bb7 10.Bxf6 Bxf6 11.Nd5 c6 12.Nxf6+ Qxf6 13.d5 b5 14.dxc6 Bxc6 15.axb5 axb5
16.Rxa8 Rxa8 17.Bd5 Rc8 18.c3 Qe7 19.Bxc6 Rxc6 20.Qd3 Rb6 21.Ra1 h6 22.Nd2 Nc5
23.Ra8+ Kh7 24.Qf3 Qf6 25.Qe2 Qe7 26.b4 Ne6 27.Ra5 Qc7 28.Qe3 Rc6 29.Nb1 Qb6
30.Qf3 Ng5 31.Qd3 Rc4 32.Nd2 Rc7 33.h4 Ne6 34.g3 Rb7 35.Nf1 Qc6 36.Ne3 Nc7
37.Nd5 f5 38.f3 Nxd5 39.exd5 Qd7 40.Kg2 g6 41.Qe2 Qe8 42.Ra6 Qe7 43.Qe3 Qd8
44.Qd3 Qe7 45.Ra8 Qf7 46.Ra6 Qe7 47.Qe2 Qd8 48.c4 bxc4 49.Qxc4 Qb8 50.Qc6 Kg8
51.b5 Kf7 52.b6 Ke7 53.Qxb7+ Qxb7 54.Ra7 Qd7 55.b7  1-0

[Event "TCh-Central Serbia 2011"]
[Site "Kraljevo SRB"]
[Date "2011.09.17"]
[Round "1"]
[White "Todorovic,J"]
[Black "Kostic,Neb"]
[Result "1-0"]
[WhiteElo "2420"]
[BlackElo "2295"]

1.e4 d6 2.d4 Nf6 3.Nc3 e5 4.Nf3 Nbd7 5.g4 Nxg4 6.Rg1 Nb6 7.h3 exd4 8.Qxd4 Nf6
9.Bg5 h6 10.Be3 Be6 11.a4 a6 12.O-O-O c5 13.Qd2 Qc7 14.Bf4 O-O-O 15.Qe3 Qc6
16.a5 Nc4 17.Bxc4 Bxc4 18.e5 Nd5 19.Nxd5 Bxd5 20.exd6 Bxd6 21.Ne5 Qa4 22.Rxd5 Qa1+
23.Kd2 Qxg1 24.Kc3 Kb8 25.Rxd6 Rxd6 26.Nc4 Ka8 27.Bxd6 Qg5 28.f4 Qf6+ 29.Kb3 Qd4
30.Nb6+ Ka7 31.Qxd4 cxd4 32.Kc4 g5 33.Kxd4 f5 34.Ke5 g4 35.hxg4 fxg4 36.f5 g3
37.f6 h5 38.f7 h4 39.Kf6 Rd8 40.Ke7 Rh8 41.f8=Q Rxf8 42.Kxf8 h3 43.Bxg3 h2  1-0

[Event "2nd Livigno Open A"]
[Site "Livigno ITA"]
[Date "2011.09.17"]
[Round "8.17"]
[White "Sveshnikov,E"]
[Black "Palit,S"]
[Result "1-0"]
[WhiteElo "2504"]
[BlackElo "2363"]

1.e4 d6 2.d4 Nf6 3.Nc3 e5 4.Nf3 Nbd7 5.g3 c6 6.a4 Be7 7.Bg2 O-O 8.O-O b6
9.Re1 Bb7 10.b3 a6 11.Bb2 Qc7 12.Qd2 Rfe8 13.Rad1 b5 14.h3 Bf8 15.g4 h6 16.g5 hxg5
17.Nxg5 Rad8 18.axb5 axb5 19.Ne2 d5 20.exd5 Nxd5 21.c4 bxc4 22.bxc4 N5f6
23.Bc3 Rc8 24.Rb1 Ba6 25.Qa2 Ra8 26.c5 Nd5 27.Bxd5 cxd5 28.Qxd5 Nf6 29.Qf3 e4
30.Qf4 Qd7 31.Ng3 Bd3 32.Rbd1 Ra6 33.Qh4 Ra3 34.Ba1 Rxa1 35.Rxa1 Qxd4 36.Nh5 Bxc5
37.Nxf6+ Qxf6 38.Ra5 Bb6 39.Qh7+ Kf8 40.Rf5 e3 41.Qh8+ Ke7 42.Rxf6  1-0

[Event "2nd Livigno Open A"]
[Site "Livigno ITA"]
[Date "2011.09.17"]
[Round "8.7"]
[White "Fedorchuk,S"]
[Black "Janev,E"]
[Result "1-0"]
[WhiteElo "2635"]
[BlackElo "2511"]

1.e4 d6 2.d4 Nf6 3.Nc3 e5 4.Nf3 Nbd7 5.Bc4 Be7 6.O-O O-O 7.a4 exd4 8.Nxd4 Re8
9.Re1 Bf8 10.h3 c6 11.a5 h6 12.Bf4 Ne5 13.Bb3 Bd7 14.Bg3 b5 15.axb6 Qxb6
16.Bh4 g5 17.Bg3 Rad8 18.Kh1 Bg7 19.f4 gxf4 20.Bxf4 Ng6 21.Be3 c5 22.Nf5 Bxf5
23.exf5 Ne5 24.Nd5 Nxd5 25.Bxd5 Qxb2 26.Rxa7 Qc3 27.Bf2 Rf8 28.Bh4 Rd7 29.Ra4 Rb8
30.f6 Bh8 31.Rf1 Ng6 32.Qg4 Qxc2 33.Qxd7 Ne5 34.Bxf7+ Nxf7 35.Rg4+  1-0

[Event "2nd Livigno Open A"]
[Site "Livigno ITA"]
[Date "2011.09.17"]
[Round "8.22"]
[White "Brunello,M"]
[Black "Franciosi,F"]
[Result "1-0"]
[WhiteElo "2215"]
[BlackElo "2069"]

1.e4 d6 2.d4 Nf6 3.Nc3 e5 4.Nf3 Nbd7 5.Bc4 Be7 6.O-O O-O 7.Re1 c6 8.a4 a5
9.h3 Nb6 10.Bd3 Nfd7 11.Ne2 exd4 12.Nexd4 Nc5 13.c3 Be6 14.Bc2 Re8 15.Bf4 d5
16.e5 Nbd7 17.b4 axb4 18.cxb4 Na6 19.Nxe6 fxe6 20.b5 Nb4 21.bxc6 bxc6 22.Nd4 Nf8
23.Bb1 c5 24.Nb5 Ra6 25.Ra3 Rc6 26.Rg3 Qd7 27.Nd6 Bxd6 28.exd6 Rxd6 29.Bxd6 Qxd6
30.Qh5 g6 31.Bxg6 hxg6 32.Rxg6+ Nxg6 33.Qxg6+ Kf8 34.Qf6+ Kg8 35.Re5  1-0

[Event "TCh-NED Meesterklasse 2011-12"]
[Site "Netherlands NED"]
[Date "2011.09.17"]
[Round "1.4"]
[White "Martens,M"]
[Black "Hausrath,D"]
[Result "1/2-1/2"]
[WhiteElo "2444"]
[BlackElo "2507"]

1.e4 d6 2.d4 Nf6 3.Nc3 e5 4.Nge2 Nbd7 5.g3 g6 6.Bg2 Bg7 7.O-O O-O 8.h3 exd4
9.Nxd4 Re8 10.Re1 Nc5 11.Nb3 Nxb3 12.axb3 a6 13.Bg5 h6 14.Bf4 Bd7 15.Qd2 g5
16.Be3 Bc6 17.Bd4 Nd7 18.Nd5 Bxd4 19.Qxd4 Bxd5 20.Qxd5 Re5 21.Qd2 Qf6 22.b4 Rae8
23.Qc3 c5 24.Rad1 Kg7 25.Re3 R5e6 26.Qb3 b5 27.Qa3 cxb4 28.Qxb4 Rc8 29.Rf3 Qe7
30.Rc3 Rxc3 31.Qxc3+ Qf6  1/2-1/2

[Event "TCh-NED Meesterklasse 2011-12"]
[Site "Netherlands NED"]
[Date "2011.09.17"]
[Round "1.1"]
[White "Orlov,And"]
[Black "Kunin,V"]
[Result "1/2-1/2"]
[WhiteElo "2525"]
[BlackElo "2549"]

1.e4 d6 2.d4 Nf6 3.Nc3 Nbd7 4.Nf3 e5 5.Bc4 Be7 6.O-O O-O 7.Re1 c6 8.a4 Qc7
9.h3 h6 10.Be3 Re8 11.Ba2 Nf8 12.Qd2 Be6 13.d5 cxd5 14.Nxd5 Nxd5 15.Bxd5 Bxd5
16.Qxd5 Qc6 17.Qd3 Rec8 18.Rec1 Nd7 19.c4 f5 20.Qb3 fxe4 21.Nd2 Kh8 22.Qd1 Nf6
23.Nf1 Qe8 24.Ng3 Qg6 25.Qe2 Rf8 26.Rc2 h5 27.Re1 h4 28.Nf1 a6 29.Nh2 b5
30.axb5 axb5 31.b3 Ra3 32.Rb2 Rfa8 33.Rd1 Ra1 34.Rd2 R1a3 35.Rb2 Qf5 36.Bd2 bxc4
37.bxc4 Rd3 38.Rdb1 Kh7 39.Nf1 Qg6 40.Ne3 Ra7 41.Rb7 Ra2 42.R7b2 Rda3 43.Rxa2 Rxa2
44.Qd1 Ra7 45.Ra1 Rxa1 46.Qxa1 Nh5 47.Nd5 Bg5 48.Bxg5 Qxg5 49.Qb1 Nf6 50.Nxf6+ gxf6
51.Qxe4+ f5 52.Qd5 Qc1+  1/2-1/2

[Event "e2e4 Sunningdale Autumn"]
[Site "Sunningdale ENG"]
[Date "2011.09.17"]
[Round "2"]
[White "Maroroa,S"]
[Black "Curtis,J ENG"]
[Result "1/2-1/2"]
[WhiteElo "1987"]
[BlackElo "2123"]

1.e4 d6 2.d4 Nf6 3.Nc3 e5 4.Nf3 Nbd7 5.Bc4 Be7 6.O-O O-O 7.Re1 c6 8.a4 b6
9.h3 a6 10.Be3 Bb7 11.Ba2 b5 12.axb5 axb5 13.b4 Qc7 14.Qd3 h6 15.Nh4 d5 16.exd5 Nxd5
17.Bxd5 cxd5 18.Nxb5 Qc4 19.Qxc4 dxc4 20.Nf5 Bxb4 21.c3 Ra5 22.Rxa5 Bxa5
23.dxe5 Nxe5 24.Bc5 Nd3 25.Bxf8 Nxe1 26.Bxg7 Bxg2 27.Bxh6 Bxh3 28.Nfd4 Kh7
29.Bd2 Nd3 30.Nd6 Kg6 31.Nxc4 Bc7 32.Ne3 Nc5 33.Nd5 Bd6 34.Nb5 Be5 35.Be3 Ne4
36.c4 Bd7 37.f4 Bd6 38.Nxd6 Nxd6 39.c5 Nf5 40.Kf2 Kg7 41.Bc1 Kf8 42.Bb2 Ne7
43.Nf6 Bf5 44.Be5 Nc6 45.Bd6+ Kg7 46.Nd5 Be4 47.Be5+ Nxe5 48.Nc3 Bc6  1/2-1/2

[Event "ch-Euro Youth g18"]
[Site "Albena BUL"]
[Date "2011.09.18"]
[Round "7.11"]
[White "Ostrowska,D"]
[Black "Perera Borrego,M"]
[Result "1/2-1/2"]
[WhiteElo "1942"]
[BlackElo "2080"]

1.e4 d6 2.d4 Nf6 3.Nc3 e5 4.Nf3 Nbd7 5.Bc4 Be7 6.O-O O-O 7.a4 a5 8.Re1 c6
9.h3 Nb6 10.Bf1 exd4 11.Nxd4 d5 12.e5 Ne8 13.Bd3 g6 14.b3 Bc5 15.Nce2 f6
16.e6 Ng7 17.Be3 Qc7 18.c3 Bxe6 19.Bh6 Bf7 20.Nf4 Bxd4 21.cxd4 Qd7 22.h4 Rfe8
23.Rxe8+ Rxe8 24.Qf3 Nf5 25.Nh5 gxh5 26.Bxf5 Qd6 27.Qd3 Kh8 28.Bd2 Nd7 29.Bxh7 Nf8
30.Bf5 Kg7 31.Qf3 Ng6 32.g3 Ne7 33.Bd3 f5 34.Re1 Bg6 35.Bf4 Qd7 36.Be5+ Kf7
37.Qf4 Ng8 38.g4 hxg4 39.h5 Bh7 40.Qg5 Kf8 41.h6 Re7 42.f3 gxf3 43.Kf2 Ke8
44.Kxf3 Qe6 45.Qh4 Kd7 46.Qh2  1/2-1/2

[Event "2nd Livigno Open A"]
[Site "Livigno ITA"]
[Date "2011.09.18"]
[Round "9.16"]
[White "Hunt,A"]
[Black "Scalcione,M"]
[Result "1-0"]
[WhiteElo "2437"]
[BlackElo "2337"]

1.e4 d6 2.d4 Nf6 3.Nc3 e5 4.Nf3 Nbd7 5.Bc4 Be7 6.O-O O-O 7.Re1 c6 8.a4 h6
9.a5 a6 10.b3 Nh7 11.Ba3 exd4 12.Nxd4 Ne5 13.Bf1 c5 14.Nf5 Bxf5 15.exf5 Bf6
16.Ne4 Nc6 17.Nxf6+ Qxf6 18.Qd2 Rad8 19.Bd3 Rd7 20.Be4 Nd4 21.Bb2 d5 22.Bxd4 dxe4
23.Bxf6 Rxd2 24.Be7 Rc8 25.Rxe4 Rxc2 26.Rd1 Rb2 27.Re3 Ra2 28.Bd8 Nf6 29.h3 Rb2
30.Bxf6 gxf6 31.Rd7 Rb1+ 32.Kh2 Ra1 33.Ree7 Rf8 34.Rxb7 Rxa5 35.Rec7 Kg7
36.Kg3 Kg8 37.Rc6 Kg7 38.f3 Rd8 39.Rcc7 Rf8 40.Kh4 Ra2 41.g3 Ra5 42.g4 Kg8
43.Kg3 Kg7 44.h4 Kg8 45.Rc6 Kg7 46.Rbb6 Rd8 47.Rxf6 Rd3 48.Rxh6 Rxb3 49.Rxa6 Rab5
50.Rhc6 Rc3 51.h5 Rbb3 52.h6+ Kh7 53.Ra7 Rxf3+ 54.Kh4 Rh3+ 55.Kg5 Rb8 56.Rxf7+ Kh8
57.Rcc7 Rg8+ 58.Rg7  1-0

[Event "WGM Pancevo"]
[Site "Pancevo SRB"]
[Date "2011.09.18"]
[Round "10.2"]
[White "Videnova,I"]
[Black "Djukic,Sa"]
[Result "0-1"]
[WhiteElo "2314"]
[BlackElo "2212"]

1.e4 d6 2.d4 Nf6 3.Nc3 e5 4.Nf3 Nbd7 5.Bc4 Be7 6.O-O O-O 7.Re1 c6 8.a4 a5
9.b3 exd4 10.Nxd4 Nb6 11.Bd3 d5 12.e5 Ne8 13.Nce2 g6 14.c3 Ng7 15.Ng3 Nd7
16.f4 Nc5 17.Bc2 f5 18.Ba3 Ne4 19.Bxe7 Qxe7 20.Bxe4 fxe4 21.Qd2 h5 22.Rf1 h4
23.Nh1 Bd7 24.Rae1 c5 25.Nb5 Bc6 26.Nf2 Nf5 27.Ng4 Rad8 28.Na7 Kg7 29.Qf2 Qe6
30.Qxc5 Ra8 31.Nxc6 bxc6 32.c4 Rab8 33.cxd5 cxd5 34.Nf6 Ne7 35.Rb1 h3 36.Rfd1 Rxf6
37.exf6+ Qxf6 38.Qd4 Rb4 39.Qa7 Qb6+ 40.Qxb6 Rxb6 41.Rd4 hxg2 42.b4 Kf6 43.b5 Ke6
44.Rd2 Kf5 45.Kxg2 Kxf4 46.Rf1+ Ke5 47.Rf7 Nf5 48.Ra7 d4 49.Ra6 Rb8 50.b6 Ne3+
51.Kg1 Nc4 52.Rc2 Kd5 53.Ra7 Rxb6 54.Rd7+ Nd6 55.Ra7 d3 56.Rxa5+ Kd4 57.Rcc5 d2
58.Kf2 d1=N+ 59.Ke1 Nc3 60.Kf2 e3+ 61.Kf3 Nde4 62.Rc4+ Kxc4 63.Kxe3 Nc5 64.Kf4 N3xa4
65.Ra8 Ne6+ 66.Ke5 Nac5 67.h4 Nd3+ 68.Ke4 Nec5+ 69.Kf3 Rf6+ 70.Kg4 Rf4+ 71.Kg5 Ne6+
72.Kxg6 Rxh4 73.Kf5 Nec5 74.Kg5 Rh1 75.Ra7 Kd5 76.Ra8 Rf1 77.Kg4 Ke4 78.Re8+ Ne5+
79.Kg3 Nd3 80.Kg2 Rf2+ 81.Kg1 Kd4 82.Kh1 Nf4 83.Kg1 Ng4 84.Rh8 Rg2+ 85.Kf1 Ne3+  0-1

[Event "e2e4 Sunningdale Autumn"]
[Site "Sunningdale ENG"]
[Date "2011.09.18"]
[Round "4"]
[White "Varnam,L"]
[Black "Curtis,J ENG"]
[Result "1/2-1/2"]
[WhiteElo "2050"]
[BlackElo "2123"]

1.e4 d6 2.d4 Nf6 3.Nc3 e5 4.Nf3 Nbd7 5.Bc4 Be7 6.O-O O-O 7.a4 c6 8.Bb3 b6
9.Qe2 a6 10.Rd1 Qc7 11.Bg5 Bb7 12.dxe5 dxe5 13.Nh4 Nc5 14.Ba2 Bc8 15.Nf5 Be6
16.b4 Bxf5 17.exf5 Ncd7 18.Qc4 Rac8 19.Rd3 h6 20.Bh4 b5 21.axb5 cxb5 22.Qb3 Nb6
23.Bxf6 Bxf6 24.Rad1 Be7 25.h3 Qc4 26.Nd5 Nxd5 27.Qxc4 bxc4 28.Rxd5 Bxb4
29.Rxe5 Rc7 30.Re4 a5 31.Bxc4 Rfc8 32.Bb3 Ra8 33.Red4  1/2-1/2

[Event "ch-Euro Youth b16"]
[Site "Albena BUL"]
[Date "2011.09.19"]
[Round "8.15"]
[White "Kraus,To"]
[Black "Indjic,A"]
[Result "0-1"]
[WhiteElo "2197"]
[BlackElo "2391"]

1.e4 d6 2.d4 Nf6 3.Nc3 e5 4.Nf3 Nbd7 5.Bc4 Be7 6.O-O O-O 7.Re1 c6 8.a4 exd4
9.Nxd4 Ne5 10.Bb3 Re8 11.h3 Qa5 12.f4 Ng6 13.Be3 Bd8 14.f5 Ne5 15.Nf3 Bb6
16.Bxb6 Qxb6+ 17.Kh1 Qc7 18.Qd4 Bd7 19.Nxe5 Rxe5 20.Qc4 Rf8 21.Rad1 a6 22.g4 h5
23.g5 d5 24.Qd4 Nxe4 25.Rxe4 Rxf5 26.Ne2 c5 27.Qd2 Rf2 28.Rf4 Rxe2 29.Qxe2 Qxf4
30.Bxd5 Bxh3 31.g6 Bg4 32.gxf7+ Kh8 33.Qe8 Bf3+ 34.Kg1 Qg3+ 35.Kf1 Qg2+ 36.Ke1 Qg1+  0-1

[Event "ch-Euro Youth b16"]
[Site "Albena BUL"]
[Date "2011.09.19"]
[Round "8.5"]
[White "Drozdowski,K"]
[Black "Ostovic,M"]
[Result "1-0"]
[WhiteElo "2306"]
[BlackElo "2293"]

1.e4 d6 2.d4 Nf6 3.Nc3 e5 4.Nf3 Nbd7 5.Bc4 Be7 6.O-O O-O 7.a4 a5 8.Ba2 c6
9.Re1 exd4 10.Nxd4 Nc5 11.Bf4 Be6 12.Nxe6 fxe6 13.e5 Nd5 14.Nxd5 cxd5 15.Qd4 Kh8
16.c4 Rxf4 17.Qxf4 Nd3 18.Qf7 Nxe1 19.Rxe1 dxc4 20.Bxc4 dxe5 21.Qxe6 Bf6
22.b3 Rc8 23.Qg4 Rc7 24.Rd1 Qe7 25.g3 g6 26.h4 Kg7 27.h5 b6 28.Kg2 Bg5 29.hxg6 hxg6
30.Qe4 Qf6 31.Rd5 Re7 32.Rd8 Rc7 33.Re8 Re7 34.Rg8+ Kh7 35.Rc8 Qf5 36.Qa8 Bf6
37.Rf8 e4 38.Be2 e3 39.f4 Qc2 40.Qf3 Bg7 41.Rd8 Re6 42.g4 Qc7 43.Qh3+ Bh6
44.g5 Qxd8 45.Qxe6 Qd2 46.Kf3 Bf8 47.f5 Kh8 48.fxg6 Bg7 49.Qe8+  1-0

[Event "ch-Euro Youth g16"]
[Site "Albena BUL"]
[Date "2011.09.19"]
[Round "8.16"]
[White "Bengtsson,Je"]
[Black "Stoeri,L"]
[Result "1-0"]
[WhiteElo "1824"]
[BlackElo "1955"]

1.e4 d6 2.d4 Nf6 3.Nc3 e5 4.dxe5 dxe5 5.Qxd8+ Kxd8 6.Nf3 Bd6 7.Bc4 Be6 8.Bxe6 fxe6
9.Bg5 Nd7 10.O-O-O Ke7 11.a3 h6 12.Bh4 g5 13.Bg3 a6 14.Rd2 Nh5 15.Re1 Rhg8
16.Kd1 Raf8 17.Rde2 Nf4 18.Bxf4 exf4 19.e5 Bc5 20.Ne4 g4 21.Nh4 Bd4 22.c3 Bxe5
23.Nc5 Nxc5 24.Rxe5 Rg5 25.Kc2 Kf6 26.R5e2 e5 27.b4 Ne6 28.h3 f3 29.Re3 Rh5
30.g3 gxh3 31.Rxf3+ Nf4 32.gxf4 Rxh4 33.fxe5+ Ke7 34.Rxf8 Kxf8 35.Kd3 Ke7
36.Ke3 Ke6 37.f4 h2 38.Rh1 Kf5 39.a4 b6 40.Kf3 Rxf4+ 41.Kg3 Rg4+ 42.Kh3 Kg5
43.e6 Rc4 44.Kg2 Rxc3 45.Re1  1-0

[Event "ch-Euro Youth g16"]
[Site "Albena BUL"]
[Date "2011.09.19"]
[Round "8.10"]
[White "Fragkou,E"]
[Black "Unapkoshvili,N"]
[Result "1-0"]
[WhiteElo "1869"]
[BlackElo "1990"]

1.e4 d6 2.d4 Nf6 3.Nc3 e5 4.Nf3 Nbd7 5.h3 Be7 6.g4 h6 7.Be3 c6 8.a4 a5 9.Qd2 Qc7
10.Be2 b6 11.Rg1 Bb7 12.h4 h5 13.gxh5 Nxh5 14.O-O-O O-O-O 15.Ng5 Rdf8 16.Bc4 exd4
17.Bxd4 Ne5 18.Bxe5 Bxg5 19.Qxg5 dxe5 20.Qf5+ Kb8 21.Rd7 g6 22.Rxc7 gxf5
23.Rxf7 fxe4 24.Nxe4 Rxf7 25.Bxf7 Nf4 26.Rg8+ Rxg8 27.Bxg8 c5 28.Nd6 Bf3
29.Nc4 Ng6 30.Nxb6 Kc7 31.Nc4 Be2 32.Nxa5 Nxh4 33.Kd2 Bh5 34.Ke3 Bg6 35.c3 Nf5+
36.Kf3 Nd6 37.Nc4 Nxc4 38.Bxc4 Kb6 39.b4 cxb4 40.cxb4 Kc6 41.Ke3 Kb6 42.f4 exf4+
43.Kxf4 Be8 44.a5+ Kb7 45.Ke5 Bd7 46.Kd6 Be8 47.Kc5 Bd7 48.b5 Be8 49.b6 Bg6
50.a6+ Kb8 51.a7+  1-0

[Event "TCh-Central Serbia 2011"]
[Site "Kraljevo SRB"]
[Date "2011.09.19"]
[Round "4"]
[White "Nestorovic,N"]
[Black "Djukic,Z SRB"]
[Result "1/2-1/2"]
[WhiteElo "2464"]
[BlackElo "2399"]

1.e4 d6 2.d4 Nf6 3.Nc3 e5 4.Nf3 Nbd7 5.Bc4 Be7 6.O-O O-O 7.Re1 c6 8.a4 Qa5
9.h3 b5 10.Bf1 Bb7 11.b4 Qxb4 12.Bd2 Qa5 13.axb5 Qc7 14.bxc6 Qxc6 15.d5 Qc8
16.Na4 Bd8 17.Bb4 Qb8 18.c4 Bb6 19.Qd3 Rc8 20.Qa3 Ne8 21.Rab1 Qc7 22.Rec1 Rab8
23.Nd2 Bc5 24.Nxc5 dxc5 25.Ba5 Qd6 26.Be2 Nef6 27.Bc3 Ba6 28.Qa1 g5 29.Bd3 Nh5
30.g3 f6 31.Kg2 Rxb1 32.Rxb1 Kf7 33.Be2 Ng7 34.Bg4 Rc7 35.Qa5 Bc8 36.Nf1 h5
37.Be2 Nf8 38.Ne3 Qd7 39.Rh1 Kg6 40.h4 Qd6 41.hxg5 fxg5 42.Qa1 Re7 43.Qd1 h4
44.gxh4 gxh4 45.Rxh4 Kf7 46.Bh5+ Kg8 47.Qf3 Nxh5 48.Qxh5 Ng6 49.Rg4 Bxg4
50.Qxg4 Rg7 51.Kf1 Qb8 52.Qe6+ Kh7 53.Qh3+ Kg8 54.Qe6+ Kh7 55.Qh3+  1/2-1/2

[Event "4th Mumbai Mayors Cup"]
[Site "Mumbai IND"]
[Date "2011.09.19"]
[Round "5"]
[White "Kiran,M"]
[Black "Murshed,N"]
[Result "0-1"]
[WhiteElo "2213"]
[BlackElo "2442"]

1.e4 d6 2.d4 Nf6 3.Nc3 Nbd7 4.Nf3 e5 5.Bc4 Be7 6.O-O O-O 7.Re1 c6 8.a4 b6
9.h3 a6 10.Qe2 Bb7 11.Bd3 Re8 12.dxe5 dxe5 13.Nd1 Bf8 14.c3 Qc7 15.Bc2 Nc5
16.Nh2 Ne6 17.g3 h5 18.Nf3 g6 19.h4 c5 20.Ng5 c4 21.Qf3 Ng4 22.Ne3 Nxe3 23.Nxe6 Rxe6
24.Qxe3 Bc5 25.Qe2 Rd6 26.Be3 Bxe3 27.Qxe3 Rad8 28.Rad1 Qc6 29.f3 b5 30.a5 Qc7
31.Rxd6 Rxd6 32.Ra1 Qd7 33.Qe1 Qd8 34.Rd1 Rxd1 35.Qxd1 Qxa5 36.Qd6 Qa1+ 37.Bd1 Bc8
38.Qd2 Be6 39.Kf2 Qb1 40.Ke2 Kg7 41.Kf2 a5 42.Ke2 Qa1 43.Ke1 Kh7 44.Ke2 a4
45.Ke1 a3 46.bxa3 Qxa3 47.Kf2 b4 48.cxb4 c3 49.Qd3 Qxb4 50.Bc2 Bc4 51.Qd1 Qc5+
52.Kg2 Qd4 53.Qc1 Be2 54.Qe1 Qd2 55.Kf2 Qxc2 56.Qxe2 Qb2 57.Ke3 c2 58.Qc4 c1=Q+  0-1

[Event "Caissa IM Sept 2011"]
[Site "Kecskemet HUN"]
[Date "2011.09.20"]
[Round "5.1"]
[White "Kernazhitsky,L"]
[Black "Meszaros,Gyu"]
[Result "1/2-1/2"]
[WhiteElo "2308"]
[BlackElo "2360"]

1.e4 d6 2.d4 Nf6 3.Nc3 c6 4.Nf3 Bg4 5.a4 e6 6.h3 Bh5 7.Be2 d5 8.exd5 Bxf3
9.Bxf3 cxd5 10.O-O Nc6 11.Ne2 Be7 12.c3 O-O 13.Nf4 a6 14.Nd3 Qc7  1/2-1/2

[Event "4th Mumbai Mayors Cup"]
[Site "Mumbai IND"]
[Date "2011.09.20"]
[Round "6"]
[White "Kravtsiv,M"]
[Black "Hossain,Enam"]
[Result "1-0"]
[WhiteElo "2583"]
[BlackElo "2481"]

1.e4 d6 2.d4 Nf6 3.Nc3 Nbd7 4.Nf3 e5 5.g3 Be7 6.Bg2 c6 7.a4 O-O 8.O-O b6
9.h3 a6 10.Nh4 g6 11.Bh6 Re8 12.Qd2 Nh5 13.Nf3 Rb8 14.Nh2 Bf8 15.Ng4 Bxh6
16.Nxh6+ Kg7 17.Ng4 Nhf6 18.Rfd1 Qe7 19.Ne3 Bb7 20.Nc4 Red8 21.dxe5 dxe5
22.Qd6 Kf8 23.f4 Nh5 24.Ne2 a5 25.b3 Ba6 26.Qxc6 Rbc8 27.Qd6 Bxc4 28.bxc4 Rxc4
29.fxe5 Ke8 30.g4 Ng7 31.Nd4 Nxe5 32.Qxb6 Qc5 33.Qxc5 Rxc5 34.Nb3 Rxd1+ 35.Rxd1 Rxc2
36.Rd5 f6 37.g5 Nh5 38.gxf6 Nc4 39.Rc5 Nxf6 40.e5 Nd7 41.Bc6 Ke7 42.Bxd7 Kxd7
43.Nxa5 Ne3 44.Rxc2 Nxc2 45.Nc4 Ke6 46.Kf2 Nb4 47.a5 Kd5 48.Kg3 Kc5 49.e6 Nc6
50.a6  1-0

[Event "4th Mumbai Mayors Cup"]
[Site "Mumbai IND"]
[Date "2011.09.20"]
[Round "6"]
[White "Sethuraman,S"]
[Black "Neelotpal,D"]
[Result "1-0"]
[WhiteElo "2529"]
[BlackElo "2458"]

1.e4 d6 2.d4 Nf6 3.Nc3 e5 4.dxe5 dxe5 5.Qxd8+ Kxd8 6.Bg5 Bd6 7.O-O-O Nd7
8.Nf3 a6 9.Bxf6+ gxf6 10.Nd5 Rg8 11.Nh4 Rg4 12.Nf5 Rxe4 13.f3 Ra4 14.Kb1 Rb8
15.Bd3 Nc5 16.b3 Nxd3 17.Nxd6 cxd6 18.Rxd3 Rh4 19.Nxf6 Be6 20.g3 Rh6 21.Rxd6+ Ke7
22.Ng4 Rg6 23.Rd2 Bxg4 24.fxg4 Rxg4 25.Rhd1 Ke8 26.Rd7 h5 27.Rc7 h4 28.Rdd7 hxg3
29.Re7+ Kd8 30.hxg3 Rxg3 31.Rxf7 b6 32.Ra7 a5 33.Rf8+  1-0

[Event "1st Marcel Duchamp"]
[Site "Buenos Aires ARG"]
[Date "2011.09.21"]
[Round "8"]
[White "Fell,S"]
[Black "Barrionuevo,P"]
[Result "0-1"]
[WhiteElo "2147"]
[BlackElo "2312"]

1.e4 d6 2.d4 Nf6 3.Nc3 c6 4.f4 Qa5 5.e5 Ne4 6.Qf3 d5 7.Bd3 Na6 8.Ne2 Nb4
9.O-O Nxd3 10.cxd3 Nxc3 11.bxc3 e6 12.Bd2 Qa4 13.f5 exf5 14.g4 Qc2 15.Rad1 g6
16.Ng3 Be6 17.gxf5 gxf5 18.Bg5 Rg8 19.Rc1 Qxa2 20.Bf6 Bh6 21.Ra1 Qd2 22.Qh5 Rg6
23.Rxf5 Be3+ 24.Kh1 Rh6  0-1

[Event "TCh-Central Serbia 2011"]
[Site "Kraljevo SRB"]
[Date "2011.09.21"]
[Round "6"]
[White "Pavlovic,Dej"]
[Black "Djukic,Z SRB"]
[Result "1-0"]
[WhiteElo "2430"]
[BlackElo "2399"]

1.e4 d6 2.d4 Nf6 3.Nc3 e5 4.Nf3 Nbd7 5.Bc4 Be7 6.O-O O-O 7.Re1 c6 8.a4 a5
9.Ba2 exd4 10.Nxd4 Nc5 11.h3 Be6 12.Qf3 Nfd7 13.Nf5 Ne5 14.Nxe7+ Qxe7 15.Qg3 Bxa2
16.Rxa2 f6 17.b3 Rfe8 18.Ra1 Ng6 19.Ba3 Rad8 20.Rad1 Qe5 21.Qxe5 Rxe5 22.Re2 b6
23.Red2 Re6 24.Bxc5 bxc5 25.f3 Kf8 26.Kf2 Ne7 27.f4 Nc8 28.Kf3 Ke7 29.g4 Nb6
30.h4 c4 31.Ne2 c5 32.Nc3 cxb3 33.Nd5+ Nxd5 34.exd5 bxc2 35.Rxc2 f5 36.dxe6 fxg4+
37.Kxg4 Rb8 38.Rcd2 Rb6 39.f5 g6 40.fxg6 hxg6 41.Kg5 Kxe6 42.Kxg6  1-0

[Event "TCh-Central Serbia 2011"]
[Site "Kraljevo SRB"]
[Date "2011.09.22"]
[Round "8.3"]
[White "Ristic,Nen"]
[Black "Kostic,Neb"]
[Result "1-0"]
[WhiteElo "2420"]
[BlackElo "2295"]

1.e4 d6 2.d4 Nf6 3.Nc3 e5 4.Nf3 Nbd7 5.Bc4 Be7 6.O-O O-O 7.Re1 c6 8.a4 b6
9.h3 a6 10.Ba2 Bb7 11.dxe5 dxe5 12.Nh4 Nxe4 13.Rxe4 Bxh4 14.Rxh4 Qxh4 15.Qxd7 Rab8
16.Be3 c5 17.Qc7 Qh5 18.Bd5 Rfc8 19.Qe7 Re8 20.Qg5 Qxg5 21.Bxg5 Bxd5 22.Nxd5 Rb7
23.b3 f5 24.g3 Kf7 25.Be3 Rd8 26.c4 a5 27.Re1 Rd6 28.Bd2 Re6 29.Bc3 e4 30.Bd2 Ke8
31.Bf4 Kd7 32.Ne3 g6 33.Kg2 Kc6 34.Nd5 Rd7 35.Rd1 Re8 36.h4 Re6 37.Kf1 Re8
38.Ke2 Re6 39.Ke3 Re8 40.Rh1 Red8 41.Rd1 Re8 42.Bg5 Re6 43.Ke2 Kb7 44.Bf4 Kc6
45.h5 gxh5 46.Rh1 Rxd5 47.cxd5+ Kxd5 48.Rxh5 Kd4 49.Bd2 c4 50.Be3+ Kc3 51.bxc4 Kxc4
52.Rxf5 Kb4 53.Rb5+ Kxa4 54.Rxb6 Re5  1-0

[Event "24th Moratalaz Open"]
[Site "Madrid ESP"]
[Date "2011.09.23"]
[Round "9.4"]
[White "Fernandez Cardoso,A"]
[Black "Rodriguez de Castro,A"]
[Result "1/2-1/2"]
[WhiteElo "2465"]
[BlackElo "2149"]

1.e4 d6 2.d4 Nf6 3.Nc3 e5 4.Nge2 Be7 5.h3 O-O 6.g4 b6 7.Bg2 Ba6 8.O-O Nc6
9.Re1 exd4 10.Nxd4 Nxd4 11.Qxd4 Nd7 12.Nd5 Bb7 13.Nxe7+ Qxe7 14.Bd2 Nc5 15.b4 Ne6
16.Qb2 Rad8 17.c4 h5 18.a4 Qh4 19.Ra3 Rde8 20.Rg3 f6 21.Bf3 Ng5 22.Bxg5 fxg5
23.gxh5 Rxf3 24.Rxf3 Rxe4 25.Ree3 Rg4+ 26.hxg4 Qxg4+ 27.Kf1 Bxf3 28.Qb3 Qg2+
29.Ke1 Qg1+ 30.Kd2 Qxf2+ 31.Kc1 Bxh5 32.Qd3 Bf7 33.Rh3 Qf4+ 34.Kb2 Qxc4 35.Qxc4 Bxc4
36.Rg3 Kf7 37.Rxg5 Kf6 38.Rh5 c5 39.b5 a6 40.bxa6 Bxa6 41.Rh8 Bc4 42.Rb8 g5
43.Kc3 Bd5 44.Rxb6 Ke5 45.Kd2 g4 46.Ke3 g3 47.a5 g2 48.Kf2 Ke6 49.a6 c4 50.a7 c3
51.Rb3 c2 52.Rc3 Be4 53.Rxc2 Bxc2 54.a8=Q Bf5 55.Kxg2 Ke5 56.Kf3 d5 57.Qe8+ Kd6
58.Kf4 Be4 59.Qb8+ Kc5 60.Ke5 Kc4 61.Qb2 Kc5 62.Qc3+  1/2-1/2